| 000 | 00624nam a22002177a 4500 | ||
|---|---|---|---|
| 001 | 3542 | ||
| 003 | BD-RjUL | ||
| 005 | 20211208233741.0 | ||
| 008 | 131219r19661962un ||| |||| 001 0 eng d | ||
| 035 | _a(BD-RjUL)3576 | ||
| 040 |
_aBD-RjUL _beng _cBD-RjUL |
||
| 041 | _aeng | ||
| 082 | 0 | 4 |
_a332.414 _bPAS |
| 100 | 1 |
_aPaisa, F.W _911174 |
|
| 245 |
_aStudise in An Inflationary Economy : _bThe United Kingdom 1948-1961 / _cF.W. Paisa |
||
| 260 |
_aNew York : _bMacmillan, _c1962 [Reprent 1966] |
||
| 300 |
_axiii,309p. ; _c18cm. |
||
| 504 | _aIncludes Index | ||
| 650 | 0 | 7 |
_2SLSH _a Inflationary Economy : _911175 |
| 942 |
_2ddc _cBK |
||
| 999 |
_c3542 _d3542 |
||